| 000 | 00480cam a2200205ua 4500 | ||
|---|---|---|---|
| 001 | 7590 | ||
| 008 | 141217n ii |||gr||||Z||||||ben | ||
| 020 | _a8177560743 | ||
| 040 | _cMAIN | ||
| 041 | _aben | ||
| 082 | _a920 | ||
| 100 |
_aTagore, S., _eAuthor. |
||
| 245 | 1 |
_aRabindranath _cBy Supriya Tagore |
|
| 250 | _a1st. | ||
| 260 |
_aCalcutta: _bAnanda, _c2011. |
||
| 300 | _a135p. | ||
| 653 | _aBiography, genealogy & insignia | ||
| 653 | _aBengali biography | ||
| 942 | _cBK | ||
| 999 |
_c6712 _d6712 |
||